1908 1296 1085 1504 1582 1531 1313 1392 1921 1728 1300 1111 1253 1057 1622 1801 1896 1476 1054 1054 1832 1444 1979 1223 1506 1038 1502 1957 1224 1221 1836 1375 1119 1712 1831 1810 1352 1808 1089 1229 1981 1400 1418 1239 1370 1489 1482 1937 1714 1775 1415 1208 1838 1097 1045 1521 1595 1510 1278 1656 1208 1855 1008 1292 1440 1268 1652 1623 1491 1416 1047 1563 1859 1656 1822 1787 1457 1721 1433 1188 1080 1729 1932 1221 1072 1960 1575 1763 1596 1572 1731 1447 2000 1653 1180 1306 1296 1993 1387 BCNSPRNW ULIB Ver.6.0+V

เปลี่ยนเป็นภาษาไทย

Change to English
 แสดงรายละเอียดบรรณานุกรม
  กลับหน้าหลัก

Brief Record : Get Marc (ISO 2709) : E-mail record : QR code < ปิดหน้าต่าง
LEADER : 00000nam 2200000uu 4500
001    13399110712
003     ULIB
008    110608s2552||||th 000 0 tha d
020    9789744141064
060 04 WC515^bศ159ท 2552
100 0  ศรัญญู ชูศรี
245 10 ทำอย่างไรไม่ติดไข้หวัดใหญ่ 2009 ! /^cศรัญญู ชูศรี
250    พิมพ์ครั้งที่ 1
260    กรุงเทพฯ :^bดีไลท์พับลิชชิ่ง,^c2552
300    76 หน้า :^bภาพประกอบ ;^c21 ซม.
650  7 ไข้หวัดใหญ่สายพันธุ์ใหม่ 2009
650  7 ไข้หวัดใหญ่^xการป้องกันและควบคุม
945    ^p65^l0^i18232
995    กัณชพร
999    ^aใช้งานได้ทุกระบบ
รายการนี้ยังไม่มีแท็ก
คุณยังไม่ได้ล็อกอิน คุณสามารถมีกิจกรรมร่วมกับเว็บไซต์ได้ แต่ต้องล็อกอินก่อน ::
  ล็อกอิน

รายการสื่อสารสนเทศ

ลำดับที่ ประเภท เลขเรียก/บาร์โค้ด สถานที่ สถานะ
1. วิทยาศาสตร์การแพทย์ และสุขภาพ
วิทยาศาสตร์การแพทย์ และสุขภาพ
สถานะ=หนังสือเก่า
WC515 ศ159ท 2552  
  Barcode: 18232
ห้องสมุดวิทยาเขตนครสวรรค์
►ส่วนจัดเก็บหนังสือเก่า นว.
บนชั้น
  ขอยืม

รายการใกล้เคียง
    ผู้แต่ง [ศรัญญู ชูศรี]

    หัวเรื่อง [ไข้หวัดใหญ่สายพันธุ์ใหม่ 2009]

BibComment


ยังไม่เคยถูกคอมเมนท์

คอมเมนท์ทรัพยากรรายการนี้
  คอมเมนท์: ทำอย่างไรไม่ติดไข..


 Copyright 2026. Bcnsprnw @Library